Microeconomic / (Record no. 16561)

MARC details
000 -LEADER
fixed length control field 00487nam a2200181 4500
008 - FIXED-LENGTH DATA ELEMENTS--GENERAL INFORMATION
fixed length control field 240209b |||||||| |||| 00| 0 eng d
016 ## - NATIONAL BIBLIOGRAPHIC AGENCY CONTROL NUMBER
Source retro2021
020 ## - INTERNATIONAL STANDARD BOOK NUMBER
ISBN 7254936
040 ## - CATALOGING SOURCE
Original cataloging agency NLN
Language of cataloging Eng
245 ## - TITLE STATEMENT
Title Microeconomic /
Statement of responsibility, etc Colander C. David
260 ## - PUBLICATION, DISTRIBUTION, ETC. (IMPRINT)
Place of publication New York, United States of America :
Name of publisher MCgraw hills,
Date of publication 2004
300 ## - COLLATION
Pagination 548p.
Other physical details :ill.(col), ports. ; 26cm
563 ## - BINDING INFORMATION
Binding note (pbk)
650 ## - TRACINGS
Main Subject Microeconomics
942 ## - ADDED ENTRY ELEMENTS (KOHA)
Item type Books
050 ## - LIBRARY OF CONGRESS CALL NUMBER
Classification number HB172
Item number .C863
082 ## - DEWEY DECIMAL CLASSIFICATION NUMBER
Classification number 338.5
Holdings
Source of classification or shelving scheme Not for loan Home library Current library Date acquired Full call number Barcode. Koha item type
Library of Congress Classification   IBADAN BRANCH LIBRARY National Library of Nigeria 09/02/2024 TL152.6.C559 2024-555552416855167 Books

National Library of Nigeria OPAC is powered by Koha